Juventud obrera y conciencia de clase (Record no. 45696)

MARC details
000 -LEADER
campo de control de longitud fija 00889nam a2200241 i 4500
001 - NÚMERO DE CONTROL
campo de control 45696
003 - IDENTIFICADOR DE NÚMERO DE CONTROL
campo de control ES-MaACL
005 - FECHA Y HORA DE LA ÚLTIMA TRANSACCIÓN
campo de control 20250910212614.0
007 - CAMPO FIJO DE DESCRIPCIÓN FÍSICA--INFORMACIÓN GENERAL
campo de control de longitud fija t|
008 - DATOS DE LONGITUD FIJA--INFORMACIÓN GENERAL
campo de control de longitud fija 030326s1974 sp ||||1| spa d
100 1# - ENTRADA PRINCIPAL--NOMBRE DE PERSONA
Nombre de persona Comín, Alfonso C.
9 (RLIN) 40007
245 10 - MENCIÓN DEL TÍTULO
Título Juventud obrera y conciencia de clase
Resto del título : el proceso inmigratorio y su función innovadora en la sociedad catalana /
Mención de responsabilidad, etc. Alfonso C. Comín, Juan N. García-Nieto.
260 ## - PUBLICACIÓN, DISTRIBUCIÓN, ETC.
Lugar de publicación, distribución, etc. Madrid :
Nombre del editor, distribuidor, etc. Cuadernos para el Diálogo,
Fecha de publicación, distribución, etc. 1974.
300 ## - DESCRIPCIÓN FÍSICA
Extensión 224 p. ;
Dimensiones 21 cm.
490 1# - MENCIÓN DE SERIE
Mención de serie Colección I.T.S.
650 #4 - PUNTO DE ACCESO ADICIONAL DE MATERIA--TÉRMINO DE MATERIA
Término de materia o nombre geográfico como elemento de entrada Conciencia de clase-
Subdivisión geográfica Cataluña.
9 (RLIN) 171753
650 #4 - PUNTO DE ACCESO ADICIONAL DE MATERIA--TÉRMINO DE MATERIA
Término de materia o nombre geográfico como elemento de entrada Migración interior-
Subdivisión geográfica España.
9 (RLIN) 143461
700 1# - ENTRADA AGREGADA--NOMBRE PERSONAL
Nombre de persona García-Nieto, Joan N.
9 (RLIN) 55028
710 2# - ENTRADA AGREGADA--NOMBRE DE ENTIDAD CORPORATIVA
Nombre de entidad corporativa o nombre de jurisdicción como elemento de entrada Cuadernos para el Diálogo.
9 (RLIN) 3333
830 1# - PUNTO DE ACCESO ADICIONAL DE SERIE-TÍTULO UNIFORME
Título uniforme Colección I.T.S. [Instituto de Técnicas Sociales]
9 (RLIN) 179830
852 ## - LOCALIZACIÓN
Ubicación ES-MaACL
Número de control de estantería E-7318
Holdings
Estatus retirado Estado de pérdida Estado de daño No para préstamo Biblioteca de origen Biblioteca actual Ubicación en estantería Fecha de adquisición Fuente de adquisición Total de préstamos Signatura topográfica completa Código de barras Visto por última vez Precio de reemplazo Tipo de ítem Koha
        Biblioteca del Ateneo de Madrid Biblioteca del Ateneo de Madrid Depósito 2 17/01/2008     E-7318 1048074 23/02/2023 23/02/2023 Libro impreso